| 000 | 00445nam a2200145Ia 4500 | ||
|---|---|---|---|
| 008 | 130318s9999 xx 000 0 und d | ||
| 020 | _a521670357 | ||
| 082 | _a570.2 GUS/A | ||
| 100 | _aGusfield, Dan | ||
| 245 | _aAlgorithms on strings, trees and sequences computer science and computational biology | ||
| 260 |
_bCambridge University Press _aNew York _c2005 |
||
| 300 | _a534 | ||
| 650 | _aCOMPUTATIONAL BIOLOGY | ||
| 650 | _aCOMPUTER ALGORITHMS | ||
| 999 |
_c1349 _d1349 |
||